[Event "Las Americas op U1800 Hybrid"]
[Site "Internet"]
[Date "2022.06.04"]
[Round "4.33"]
[White "Castillo Bermudez, Alfonso"]
[Black "Hancco Corimayhua, Gabriel Teodoro"]
[Result "0-1"]
[WhiteElo "1418"]
[BlackElo "1637"]
[PlyCount "107"]
[EventDate "2022.06.04"]
[EventType "swiss"]
[EventRounds "6"]
[EventCountry "VEN"]
[SourceTitle "EXT 2024"]
[Source "ChessBase"]
[SourceDate "2023.10.10"]
[SourceVersion "1"]
[SourceVersionDate "2023.10.10"]
[SourceQuality "1"]

1. Nf3 Nf6 2. g3 g6 3. Bg2 Bg7 4. d4 0-0 5. 0-0 d6 6. c4 Nbd7 7. Bg5 h6 8. Bd2 c5 9. Nc3 Kh7 10. Qc2 e5 11. dxe5 dxe5 12. Rad1 Ng8 13. e4 Qe8 14. Nd5 Rb8 15. Rfe1 Ne7 16. Bc3 Nc6 17. Nc7 Qd8 18. Nb5 a6 19. Nd6 Nd4 20. Bxd4 cxd4 21. b4 Qe7 22. c5 b6 23. Nxc8 Rbxc8 24. c6 Qxb4 25. Bh3 Qc5 26. Qa4 b5 27. Qxa6 Rxc6 28. Qa5 Nb6 29. Rb1 Ra8 30. Qxb5 Qxb5 31. Rxb5 f6 32. Ra1 Na4 33. Ne1 Nc3 34. Rb2 Nxe4 35. Bg2 f5 36. Nd3 Rca6 37. Bxe4 fxe4 38. Nc5 Ra3 39. Nxe4 g5 40. h4 gxh4 41. g4 R8a6 42. Kg2 h3+ 43. Kh2 Rg6 44. Rb7 Rf3 45. Rg1 Rf4 46. Re1 Rgxg4 47. Kxh3 Rxe4 48. Rc1 Rg6 49. Rcc7 Re1 50. Kh2 d3 51. Rd7 e4 52. f3 Re2+ 53. Kh3 Re3 54. Rf7 0-1